[Event "21th IBM tournament"]
[Site "Amsterdam NED"]
[Date "1981.05.??"]
[Round "1"]
[White "Smyslov, Vassily"]
[Black "Polugaevsky, Lev"]
[WhiteElo "2545"]
[BlackElo "2620"]
[Result "1/2-1/2"]
[EventDate "1981.05.24"]
[PlyCount "40"]

1.Nf3 Nf6 2.c4 b6 3.g3 c5 4.Bg2 Bb7 5.O-O e6 6.Nc3 Be7 7.b3 O-O 8.Bb2 d5 
9.e3 Nbd7 10.Qe2 Rc8 11.cxd5 Nxd5 12.Nxd5 Bxd5 13.Rac1 Rc7 14.d4 Qa8 15.
dxc5 Rxc5 16.Rxc5 Nxc5 17.Rd1 Rd8 18.Ne1 Bxg2 19.Rxd8+ Qxd8 20.Kxg2 Qd5+ 
1/2-1/2

[Event "21th IBM tournament"]
[Site "Amsterdam NED"]
[Date "1981.05.??"]
[Round "2"]
[White "Karpov, Anatoly"]
[Black "Ljubojevic, Ljubomir"]
[WhiteElo "2690"]
[BlackElo "2605"]
[Result "1-0"]
[EventDate "1981.05.24"]
[PlyCount "67"]

1.d4 Nf6 2.c4 e6 3.Nf3 b6 4.g3 Bb7 5.Bg2 c5 6.d5 exd5 7.Nh4 b5 8.cxd5 d6 
9.O-O Nbd7 10.a4 a6 11.e4 g6 12.Qe2 bxa4 13.Re1 Bg7 14.Bf4 Qb8 15.Na3 O-O 
16.Nc4 Ne8 17.Rxa4 Bc8 18.Ra2 Nb6 19.Na5 Bd7 20.Nf3 Bb5 21.Qc2 Nf6 22.Nc6 
Bxc6 23.dxc6 Nh5 24.Bd2 Nf6 25.Ba5 Rc8 26.e5 Nfd5 27.e6 f6 28.e7 Kh8 29.
Nh4 Re8 30.Bxb6 Nxb6 31.c7 Qxc7 32.Bxa8 Nxa8 33.Rxa6 Qd7 34.Qd2 1-0

[Event "21th IBM tournament"]
[Site "Amsterdam NED"]
[Date "1981.05.??"]
[Round "2"]
[White "Polugaevsky, Lev"]
[Black "Langeweg, Christian"]
[WhiteElo "2620"]
[BlackElo "2455"]
[Result "1/2-1/2"]
[EventDate "1981.05.24"]
[PlyCount "43"]

1.Nf3 Nf6 2.c4 c5 3.g3 b6 4.Bg2 Bb7 5.O-O e6 6.Nc3 Be7 7.d4 cxd4 8.Qxd4 d6
9.b3 Nbd7 10.Bb2 a6 11.e4 O-O 12.Nd2 Qc7 13.Rac1 Rac8 14.h3 Rfe8 15.Qd3 
Qb8 16.a4 Nc5 17.Qe2 Qa8 18.Rcd1 Rcd8 19.Rfe1 d5 20.cxd5 exd5 21.e5 Nfe4 
22.Ncb1 1/2-1/2

[Event "21th IBM tournament"]
[Site "Amsterdam NED"]
[Date "1981.05.??"]
[Round "3"]
[White "Kavalek, Lubomir"]
[Black "Polugaevsky, Lev"]
[WhiteElo "2550"]
[BlackElo "2620"]
[Result "1/2-1/2"]
[EventDate "1981.05.24"]
[PlyCount "31"]

1.d4 Nf6 2.c4 e6 3.Nf3 b6 4.Nc3 Bb7 5.a3 d5 6.cxd5 Nxd5 7.e3 Nd7 8.Bd3 c5 
9.e4 N5f6 10.Bf4 Be7 11.Nb5 O-O 12.Bc7 Qc8 13.Bd6 Qd8 14.Bc7 Qc8 15.Bd6 
Qd8 16.Bc7 1/2-1/2

[Event "21th IBM tournament"]
[Site "Amsterdam NED"]
[Date "1981.05.??"]
[Round "3"]
[White "Smyslov, Vassily"]
[Black "Timman, Jan"]
[WhiteElo "2545"]
[BlackElo "2620"]
[Result "1/2-1/2"]
[EventDate "1981.05.24"]
[PlyCount "72"]

1.d4 Nf6 2.Nf3 e6 3.g3 b5 4.Bg2 Bb7 5.O-O Be7 6.Qd3 a6 7.Nbd2 c5 8.dxc5 
Bxc5 9.a4 b4 10.Nb3 Be4 11.Qd1 Be7 12.Be3 O-O 13.Bc5 Nc6 14.Bxe7 Qxe7 15.
Rc1 Rfc8 16.Nbd2 d5 17.Nxe4 Nxe4 18.Nd2 Nc5 19.c4 bxc3 20.bxc3 Rab8 21.Qc2
Qd7 22.Rb1 Na5 23.Rxb8 Rxb8 24.Rb1 Rxb1+ 25.Qxb1 Nab7 26.c4 dxc4 27.Bxb7 
Qxd2 28.Bd5 g6 29.Bxc4 Qc3 30.Bd3 Kg7 31.Bc2 Kf6 32.Qd1 Ke7 33.f4 e5 34.
fxe5 Qxe5 35.Qd2 h5 36.Kf2 h4 1/2-1/2

[Event "21th IBM tournament"]
[Site "Amsterdam NED"]
[Date "1981.05.??"]
[Round "4"]
[White "Donner, Jan"]
[Black "Ree, Hans"]
[WhiteElo "2475"]
[BlackElo "2485"]
[Result "1/2-1/2"]
[EventDate "1981.05.24"]
[PlyCount "88"]

1.d4 Nf6 2.c4 g6 3.g3 Bg7 4.Bg2 c5 5.d5 O-O 6.Nc3 d6 7.Nf3 e6 8.O-O exd5 
9.cxd5 a6 10.a4 Nbd7 11.h3 Re8 12.Nd2 Rb8 13.Nc4 Nb6 14.Na3 Bd7 15.a5 Nc8 
16.Nc4 Bb5 17.Qb3 Na7 18.Bd2 Bxc4 19.Qxc4 Qd7 20.e3 Nb5 21.Ra2 b6 22.axb6 
Rxb6 23.Rfa1 Nc7 24.Na4 Rb7 25.Nc3 Reb8 26.Bc1 Rb4 27.Qd3 Qe7 28.Ra4 Nd7 
29.Rxb4 Rxb4 30.Qc2 Rb8 31.Bf1 Nb6 32.e4 Qd7 33.h4 Re8 34.Bxa6 Nxa6 35.
Rxa6 Rb8 36.Qb3 Qb7 37.Qb5 Be5 38.Bh6 f6 39.Nd1 f5 40.exf5 Nxd5 41.Qxb7 
Rxb7 42.fxg6 hxg6 43.f4 Bd4+ 44.Kf1 Nb6 1/2-1/2

[Event "21th IBM tournament"]
[Site "Amsterdam NED"]
[Date "1981.05.??"]
[Round "4"]
[White "Polugaevsky, Lev"]
[Black "Ljubojevic, Ljubomir"]
[WhiteElo "2620"]
[BlackElo "2605"]
[Result "1/2-1/2"]
[EventDate "1981.05.24"]
[PlyCount "44"]

1.d4 Nf6 2.c4 e6 3.Nf3 d5 4.g3 dxc4 5.Bg2 c5 6.O-O cxd4 7.Nxd4 Bc5 8.Qa4+ 
Qd7 9.Nb5 O-O 10.Qxc4 Qe7 11.N5c3 a6 12.Bg5 Nbd7 13.Ne4 Ba7 14.Nbc3 h6 15.
Bd2 Rb8 16.Rac1 Rd8 17.Rfd1 b5 18.Qc7 Bb6 19.Qd6 Qxd6 20.Nxd6 Ne5 21.Nxc8 
Rdxc8 22.Be1 Ba5 1/2-1/2

[Event "21th IBM tournament"]
[Site "Amsterdam NED"]
[Date "1981.05.??"]
[Round "5"]
[White "Ljubojevic, Ljubomir"]
[Black "Portisch, Lajos"]
[WhiteElo "2605"]
[BlackElo "2650"]
[Result "1/2-1/2"]
[EventDate "1981.05.24"]
[PlyCount "39"]

1.e4 e5 2.Nf3 Nc6 3.d4 exd4 4.Nxd4 Bc5 5.Nb3 Bb6 6.a4 a6 7.a5 Ba7 8.Nc3 d6
9.Be2 h6 10.O-O Nf6 11.Kh1 O-O 12.f4 Re8 13.Bf3 Be6 14.Ra4 Bd7 15.h3 Rb8 
16.Kh2 Ne7 17.Ra1 Ng6 18.g3 Bc6 19.Qd3 Nf8 20.Bd2 1/2-1/2

[Event "21th IBM tournament"]
[Site "Amsterdam NED"]
[Date "1981.05.??"]
[Round "5"]
[White "Ree, Hans"]
[Black "Karpov, Anatoly"]
[WhiteElo "2485"]
[BlackElo "2690"]
[Result "1/2-1/2"]
[EventDate "1981.05.24"]
[PlyCount "62"]

1.d4 Nf6 2.c4 e6 3.Nf3 b6 4.g3 Bb4+ 5.Bd2 Be7 6.Nc3 Bb7 7.Bg2 O-O 8.O-O 
Na6 9.Rc1 c5 10.Bf4 cxd4 11.Qxd4 d6 12.Qd2 Qc8 13.b3 Rd8 14.Rfd1 Nc5 15.
Qc2 Nce4 16.Na4 h6 17.Ne1 d5 18.cxd5 Bxd5 19.Qxc8 Raxc8 20.Rxc8 Rxc8 21.f3
Nc5 22.Nxc5 Bxc5+ 23.Kf1 Bb7 24.Nd3 Ba3 25.Bc1 Be7 26.f4 Ba6 27.Ne1 g5 28.
Be3 Ng4 29.Bg1 Bc5 30.Bf3 Nf6 31.Rc1 Bxg1 1/2-1/2

[Event "21th IBM tournament"]
[Site "Amsterdam NED"]
[Date "1981.05.??"]
[Round "6"]
[White "Donner, Jan"]
[Black "Langeweg, Christian"]
[WhiteElo "2475"]
[BlackElo "2455"]
[Result "1-0"]
[EventDate "1981.05.24"]
[PlyCount "85"]

1.d4 Nf6 2.c4 e6 3.Nf3 b6 4.a3 c5 5.d5 Ba6 6.Qc2 exd5 7.cxd5 g6 8.Nc3 Bg7 
9.e4 Bxf1 10.Kxf1 d6 11.g3 O-O 12.Kg2 a6 13.Bf4 Qc7 14.h3 Nbd7 15.g4 Rfe8 
16.Rhe1 h5 17.g5 Nh7 18.Rad1 b5 19.b3 Nhf8 20.Bg3 Rac8 21.a4 Qa5 22.Nb1 
Qb6 23.Nbd2 Nh7 24.Re2 Qc7 25.Rde1 Nhf8 26.axb5 axb5 27.Qd3 c4 28.bxc4 
bxc4 29.Qc2 c3 30.Nb3 Qb6 31.Rd1 Rc4 32.Nc1 Qc7 33.Nb3 Qb6 34.Nc1 Qc7 35.
Nb3 Rb8 36.Nbd4 Rb2 37.Qd3 Rxe2 38.Nxe2 c2 39.Rc1 Bb2 40.Bxd6 Qc8 41.Nd2 
Rc7 42.Bxc7 Bxc1 43.Bf4 1-0

[Event "21th IBM tournament"]
[Site "Amsterdam NED"]
[Date "1981.05.??"]
[Round "6"]
[White "Ree, Hans"]
[Black "Smyslov, Vassily"]
[WhiteElo "2485"]
[BlackElo "2545"]
[Result "1/2-1/2"]
[EventDate "1981.05.24"]
[PlyCount "95"]

1.c4 e5 2.Nc3 Nf6 3.Nf3 Nc6 4.g3 d5 5.cxd5 Nxd5 6.Bg2 Nb6 7.O-O Be7 8.a3 
Be6 9.b4 f6 10.d3 O-O 11.Bb2 Qd7 12.Rc1 Rfd8 13.Nd2 Bh3 14.Bxh3 Qxh3 15.
Nce4 a6 16.Nc5 Bxc5 17.Qb3+ Kh8 18.Rxc5 Qg4 19.f3 Qd7 20.f4 Nd4 21.Bxd4 
Qxd4+ 22.Kh1 exf4 23.Rxf4 Qe3 24.Qd1 Re8 25.Ne4 Rad8 26.Qf1 Nd5 27.Rf3 Qh6
28.g4 c6 29.Qg1 Qg6 30.h4 h5 31.g5 f5 32.Ng3 f4 33.Ne4 Rxe4 34.dxe4 Qxe4 
35.Qd1 Re8 36.Kg1 Qxe2 37.Qxe2 Rxe2 38.a4 Kh7 39.b5 axb5 40.axb5 Re6 41.
Ra3 Ne7 42.bxc6 bxc6 43.Kf2 Nd5 44.Ra4 Kg6 45.Rac4 Kf5 46.Rxc6 Rxc6 47.
Rxc6 Ne7 48.Rc7 1/2-1/2

[Event "21th IBM tournament"]
[Site "Amsterdam NED"]
[Date "1981.05.??"]
[Round "6"]
[White "Timman, Jan"]
[Black "Ljubojevic, Ljubomir"]
[WhiteElo "2620"]
[BlackElo "2605"]
[Result "1/2-1/2"]
[EventDate "1981.05.24"]
[PlyCount "44"]

1.d4 Nf6 2.c4 e6 3.Nf3 b6 4.g3 Ba6 5.Nbd2 Bb7 6.Bg2 c5 7.e4 cxd4 8.e5 Ng4 
9.O-O Qc7 10.Re1 h5 11.h3 Nh6 12.Nxd4 Bxg2 13.Kxg2 Nc6 14.Qf3 Rb8 15.Nb5 
Qb7 16.Ne4 Nf5 17.Qxf5 exf5 18.Ned6+ Bxd6 19.Nxd6+ Kd8 20.Nxb7+ Rxb7 21.
Bg5+ Kc8 22.Rad1 Re8 1/2-1/2

[Event "21th IBM tournament"]
[Site "Amsterdam NED"]
[Date "1981.05.??"]
[Round "7"]
[White "Langeweg, Christian"]
[Black "Ree, Hans"]
[WhiteElo "2455"]
[BlackElo "2485"]
[Result "1/2-1/2"]
[EventDate "1981.05.24"]
[PlyCount "25"]

1.d4 Nf6 2.Nf3 g6 3.Bg5 Bg7 4.c3 h6 5.Bh4 d6 6.e3 O-O 7.Nbd2 Nc6 8.Bc4 e5 
9.dxe5 Nxe5 10.Nxe5 dxe5 11.e4 Qd6 12.O-O Be6 13.Qe2 1/2-1/2

[Event "21th IBM tournament"]
[Site "Amsterdam NED"]
[Date "1981.05.??"]
[Round "7"]
[White "Ljubojevic, Ljubomir"]
[Black "Hort, Vlastimil"]
[WhiteElo "2605"]
[BlackElo "2575"]
[Result "1/2-1/2"]
[EventDate "1981.05.24"]
[PlyCount "35"]

1.e4 e5 2.Nf3 Nf6 3.Nxe5 d6 4.Nf3 Nxe4 5.d4 d5 6.Bd3 Be7 7.O-O Nc6 8.Re1 
Bf5 9.Nbd2 Nxd2 10.Qxd2 Bxd3 11.Qxd3 O-O 12.Bf4 a6 13.c3 Qd7 14.Re3 Rae8 
15.Rae1 Bd8 16.Rxe8 Rxe8 17.Rxe8+ Qxe8 18.Qf5 1/2-1/2

[Event "21th IBM tournament"]
[Site "Amsterdam NED"]
[Date "1981.05.??"]
[Round "7"]
[White "Smyslov, Vassily"]
[Black "Karpov, Anatoly"]
[WhiteElo "2545"]
[BlackElo "2690"]
[Result "1/2-1/2"]
[EventDate "1981.05.24"]
[PlyCount "25"]

1.d4 Nf6 2.c4 e6 3.Nf3 b6 4.g3 Ba6 5.Nbd2 Bb7 6.Bg2 c5 7.O-O cxd4 8.Nxd4 
Bxg2 9.Kxg2 Qc8 10.e3 Be7 11.Qf3 Nc6 12.Nxc6 Qxc6 13.Qxc6 1/2-1/2

[Event "21th IBM tournament"]
[Site "Amsterdam NED"]
[Date "1981.05.??"]
[Round "8"]
[White "Donner, Jan"]
[Black "Ljubojevic, Ljubomir"]
[WhiteElo "2475"]
[BlackElo "2605"]
[Result "0-1"]
[EventDate "1981.05.24"]
[PlyCount "58"]

1.d4 Nf6 2.c4 e6 3.Nc3 d5 4.cxd5 exd5 5.Bg5 c6 6.e3 Bd6 7.Bd3 Nbd7 8.Qc2 
Nf8 9.Nf3 Ng6 10.h4 h6 11.Bxg6 hxg5 12.Bf5 g4 13.Ne5 Bxf5 14.Qxf5 Rh5 15.
Qd3 Qe7 16.f4 gxf3 17.Nxf3 Ne4 18.Ne2 O-O-O 19.g4 Rh6 20.Rf1 Rxh4 21.Nxh4 
Qxh4+ 22.Kd1 Nf2+ 23.Rxf2 Qxf2 24.Qf5+ Qxf5 25.gxf5 Rh8 26.Kd2 Kd7 27.Rg1 
Rh7 28.Kd3 Ke7 29.e4 Rh3+ 0-1

[Event "21th IBM tournament"]
[Site "Amsterdam NED"]
[Date "1981.05.??"]
[Round "8"]
[White "Karpov, Anatoly"]
[Black "Portisch, Lajos"]
[WhiteElo "2690"]
[BlackElo "2650"]
[Result "1/2-1/2"]
[EventDate "1981.05.24"]
[PlyCount "96"]

1.d4 Nf6 2.c4 e6 3.Nc3 Bb4 4.Qc2 c5 5.dxc5 O-O 6.a3 Bxc5 7.Nf3 Nc6 8.Bg5 
Nd4 9.Nxd4 Bxd4 10.e3 Qa5 11.exd4 Qxg5 12.Qd2 Qxd2+ 13.Kxd2 b6 14.f3 Ba6 
15.Rc1 Rac8 16.b3 Rfd8 17.Be2 Kf8 18.Rhe1 d6 19.Rc2 Nd7 20.Kc1 Nf6 21.Kb2 
Rd7 22.Rec1 Bb7 23.Nb5 a6 24.Nc3 Rdc7 25.Bd3 g6 26.b4 Ke7 27.Re1 Kd8 28.f4
Bc6 29.a4 Ra8 30.g3 a5 31.b5 Bb7 32.Nb1 Rac8 33.Nd2 Ke7 34.Nb3 Nd7 35.Bf1 
Bd5 36.Nd2 Ba8 37.Rc3 h5 38.h4 Bb7 39.Rce3 d5 40.Rc1 dxc4 41.Rxc4 Bd5 42.
Rxc7 Rxc7 43.Rc3 Rxc3 44.Kxc3 Nf6 45.Be2 Ne8 46.Nf1 Nf6 47.Nd2 Kd6 48.Bd1 
Ke7 1/2-1/2

[Event "21th IBM tournament"]
[Site "Amsterdam NED"]
[Date "1981.05.??"]
[Round "9"]
[White "Kavalek, Lubomir"]
[Black "Smyslov, Vassily"]
[WhiteElo "2550"]
[BlackElo "2545"]
[Result "1/2-1/2"]
[EventDate "1981.05.24"]
[PlyCount "100"]

1.e4 e5 2.Nf3 Nf6 3.Nxe5 d6 4.Nf3 Nxe4 5.d4 Be7 6.Bd3 d5 7.O-O Nc6 8.Re1 
Bf5 9.Nbd2 Nxd2 10.Qxd2 Bxd3 11.Qxd3 O-O 12.c3 Qd7 13.Bf4 a6 14.Re3 Rae8 
15.Rae1 Bd8 16.Ne5 Nxe5 17.dxe5 Qb5 18.b3 Qxd3 19.Rxd3 c6 20.c4 Ba5 21.Rb1
dxc4 22.bxc4 Rd8 23.Ra3 Bb4 24.Rab3 Bd2 25.Bxd2 Rxd2 26.Rxb7 Rxa2 27.Rc7 
g5 28.g3 Re2 29.Rxc6 Rxe5 30.Rxa6 Rc8 31.Rc1 Rec5 32.Ra4 g4 33.f3 h5 34.
Kf2 Kg7 35.Rc2 Kg6 36.Ke3 gxf3 37.Kxf3 Rd8 38.Ra6+ f6 39.Re6 Kf5 40.Re3 
Rd4 41.Rec3 h4 42.Ke3 Ke5 43.Kf2 hxg3+ 44.Kxg3 f5 45.Kf3 Kf6 46.Ke3 Ke5 
47.h3 f4+ 48.Kf3 Kf5 49.h4 Kg6 50.Kg4 Kh6 1/2-1/2

[Event "21th IBM tournament"]
[Site "Amsterdam NED"]
[Date "1981.05.??"]
[Round "9"]
[White "Ljubojevic, Ljubomir"]
[Black "Ree, Hans"]
[WhiteElo "2605"]
[BlackElo "2485"]
[Result "1/2-1/2"]
[EventDate "1981.05.24"]
[PlyCount "39"]

1.Nf3 Nf6 2.c4 g6 3.Nc3 Bg7 4.e4 d6 5.d4 O-O 6.h3 e5 7.dxe5 dxe5 8.Qxd8 
Rxd8 9.Bg5 Na6 10.Nd5 Rd6 11.Bxf6 Bxf6 12.O-O-O Kg7 13.Rd2 Rd7 14.g4 c6 
15.Nxf6 Kxf6 16.g5+ Ke6 17.h4 Rxd2 18.Kxd2 Kd6 19.Rg1 c5 20.a3 1/2-1/2

[Event "21th IBM tournament"]
[Site "Amsterdam NED"]
[Date "1981.05.??"]
[Round "9"]
[White "Polugaevsky, Lev"]
[Black "Hort, Vlastimil"]
[WhiteElo "2620"]
[BlackElo "2575"]
[Result "1/2-1/2"]
[EventDate "1981.05.24"]
[PlyCount "39"]

1.d4 Nf6 2.c4 c6 3.Nc3 d5 4.Nf3 dxc4 5.a4 Bf5 6.e3 e6 7.Bxc4 Bb4 8.O-O 
Nbd7 9.Nh4 Bg6 10.Qb3 a5 11.f4 Nd5 12.Nxg6 hxg6 13.e4 Nc5 14.dxc5 Nxc3 15.
Bxe6 Ne2+ 16.Kf2 Nd4 17.Bxf7+ Kf8 18.Qc4 Rxh2 19.Bg8 Qe7 20.Kg1 1/2-1/2

[Event "21th IBM tournament"]
[Site "Amsterdam NED"]
[Date "1981.05.??"]
[Round "9"]
[White "Portisch, Lajos"]
[Black "Timman, Jan"]
[WhiteElo "2650"]
[BlackElo "2620"]
[Result "1/2-1/2"]
[EventDate "1981.05.24"]
[PlyCount "40"]

1.c4 e5 2.Nc3 Nf6 3.g3 Bb4 4.Nf3 e4 5.Nd4 Nc6 6.Nc2 Bxc3 7.dxc3 h6 8.Bg2 
d6 9.Ne3 O-O 10.O-O Re8 11.Qc2 Re5 12.Bd2 Ne7 13.f4 exf3 14.exf3 Nf5 15.
Ng4 Re8 16.Rae1 Be6 17.b3 a5 18.Rf2 h5 19.Nxf6+ Qxf6 20.Rfe2 a4 1/2-1/2

[Event "21th IBM tournament"]
[Site "Amsterdam NED"]
[Date "1981.05.??"]
[Round "10"]
[White "Donner, Jan"]
[Black "Polugaevsky, Lev"]
[WhiteElo "2475"]
[BlackElo "2620"]
[Result "1/2-1/2"]
[EventDate "1981.05.24"]
[PlyCount "51"]

1.d4 Nf6 2.c4 e6 3.Nc3 Bb4 4.Qc2 c5 5.dxc5 O-O 6.a3 Bxc5 7.Nf3 Nc6 8.Bg5 
Nd4 9.Nxd4 Bxd4 10.e3 Qa5 11.exd4 Qxg5 12.g3 d6 13.Qd2 Qa5 14.Bg2 Qc7 15.
b3 Bd7 16.O-O Rac8 17.Rfc1 Rfe8 18.Ne4 Nxe4 19.Bxe4 Bc6 20.d5 exd5 21.Bxd5
Bxd5 22.Qxd5 Re5 23.Qd4 a5 24.Re1 h5 25.Rad1 a4 26.bxa4 1/2-1/2

[Event "21th IBM tournament"]
[Site "Amsterdam NED"]
[Date "1981.05.??"]
[Round "10"]
[White "Langeweg, Christian"]
[Black "Kavalek, Lubomir"]
[WhiteElo "2455"]
[BlackElo "2550"]
[Result "0-1"]
[EventDate "1981.05.24"]
[PlyCount "40"]

1.d4 Nf6 2.Nf3 e6 3.c4 b6 4.Nc3 Bb7 5.a3 g6 6.d5 exd5 7.cxd5 Bg7 8.g3 O-O 
9.Bg2 c5 10.O-O d6 11.h3 a6 12.a4 Nbd7 13.Nd2 Re8 14.Nc4 Ne5 15.Na3 Qb8 
16.f4 Ned7 17.Rb1 b5 18.axb5 axb5 19.Naxb5 Ba6 20.Na3 Bxe2 0-1

[Event "21th IBM tournament"]
[Site "Amsterdam NED"]
[Date "1981.05.??"]
[Round "10"]
[White "Smyslov, Vassily"]
[Black "Ljubojevic, Ljubomir"]
[WhiteElo "2545"]
[BlackElo "2605"]
[Result "1/2-1/2"]
[EventDate "1981.05.24"]
[PlyCount "36"]

1.d4 Nf6 2.Nf3 e6 3.c4 d5 4.Bg5 c6 5.Nbd2 Nbd7 6.e3 Be7 7.Bd3 O-O 8.O-O b6
9.Qe2 Bb7 10.Rac1 c5 11.Rfd1 a6 12.Bb1 cxd4 13.Nxd4 Rc8 14.cxd5 Rxc1 15.
Rxc1 Nxd5 16.Bxe7 Qxe7 17.e4 Nf4 18.Qe3 Qd6 1/2-1/2

[Event "21th IBM tournament"]
[Site "Amsterdam NED"]
[Date "1981.05.??"]
[Round "11"]
[White "Ljubojevic, Ljubomir"]
[Black "Langeweg, Christian"]
[WhiteElo "2605"]
[BlackElo "2455"]
[Result "1/2-1/2"]
[EventDate "1981.05.24"]
[PlyCount "46"]

1.e4 c5 2.Nf3 e6 3.d4 cxd4 4.Nxd4 Nc6 5.Nb5 d6 6.c4 Nf6 7.N1c3 a6 8.Na3 
Be7 9.Be2 O-O 10.O-O Qa5 11.Be3 Rd8 12.Qb3 Nd7 13.Rac1 Nc5 14.Qd1 Rb8 15.
Qd2 Bd7 16.Rfd1 Be8 17.f3 Bf8 18.Bf1 Be7 19.Qf2 Nb4 20.Rd2 Rdc8 21.Nab1 
Nc6 22.Na3 Nb4 23.Nab1 Nc6 1/2-1/2

[Event "21th IBM tournament"]
[Site "Amsterdam NED"]
[Date "1981.05.??"]
[Round "11"]
[White "Polugaevsky, Lev"]
[Black "Ree, Hans"]
[WhiteElo "2620"]
[BlackElo "2485"]
[Result "0-1"]
[EventDate "1981.05.24"]
[PlyCount "148"]

1.d4 e6 2.c4 Nf6 3.Nf3 Bb4+ 4.Bd2 Qe7 5.g3 O-O 6.Bg2 Bxd2+ 7.Qxd2 Ne4 8.
Qc2 f5 9.O-O d6 10.Nh4 g5 11.Nf3 Nd7 12.Ne1 Nef6 13.Nc3 Ng4 14.Nf3 Qg7 15.
e4 f4 16.Nb5 fxg3 17.hxg3 Nb8 18.e5 a6 19.Na3 dxe5 20.Qe4 h5 21.Nxe5 Nxe5 
22.Qxe5 Qxe5 23.dxe5 Nd7 24.f4 h4 25.Bh3 hxg3 26.Bxe6+ Kg7 27.Rad1 Nxe5 
28.Bxc8 gxf4 29.Bxb7 Rab8 30.Be4 Rxb2 31.Rd5 f3 32.Nc2 g2 33.Rxe5 gxf1=Q+ 
34.Kxf1 Rxa2 35.Kf2 Rf4 36.Bd3 Rxc4 37.Bxc4 Rxc2+ 38.Kxf3 Rxc4 39.Ra5 Rc6 
40.Ke4 Kf6 41.Kd5 Rd6+ 42.Kc5 Ke6 43.Ra1 Kd7 44.Rh1 Rc6+ 45.Kb4 Kc8 46.Ka5
Rb6 47.Rh5 Kb7 48.Rg5 Rb1 49.Rh5 Rd1 50.Kb4 Kb6 51.Rh6+ c6 52.Rh8 a5+ 53.
Kc4 Rc1+ 54.Kb3 Rg1 55.Rh5 Rd1 56.Kc4 Rc1+ 57.Kb3 Rc5 58.Rh8 Rg5 59.Kc4 
Rg4+ 60.Kb3 Kb5 61.Rh5+ c5 62.Rh8 a4+ 63.Ka3 Rg3+ 64.Kb2 Kb4 65.Rb8+ Kc4 
66.Ra8 Rg2+ 67.Ka3 Kc3 68.Rxa4 c4 69.Ra8 Rg7 70.Ka2 Kc2 71.Ka1 c3 72.Ka2 
Rb7 73.Ra6 Rd7 74.Ra8 Kd2 0-1

[Event "21th IBM tournament"]
[Site "Amsterdam NED"]
[Date "1981.05.??"]
[Round "11"]
[White "Portisch, Lajos"]
[Black "Donner, Jan"]
[WhiteElo "2650"]
[BlackElo "2475"]
[Result "1-0"]
[EventDate "1981.05.24"]
[PlyCount "73"]

1.c4 Nf6 2.Nc3 g6 3.e4 d6 4.d4 Bg7 5.f3 O-O 6.Be3 e5 7.d5 c6 8.Bd3 cxd5 9.
cxd5 Ne8 10.Nge2 Bh6 11.Bf2 Nd7 12.O-O Nc5 13.Bc2 a5 14.a3 Bd7 15.b4 axb4 
16.axb4 Rxa1 17.Qxa1 Na6 18.Rb1 Nec7 19.Bb6 Qb8 20.Qa3 Rc8 21.Bd3 Bg5 22.
Kh1 Na8 23.Bg1 N8c7 24.Nc1 Ne8 25.N1a2 Nec7 26.Na4 Bb5 27.Nb6 Bxd3 28.Qxd3
Rd8 29.Nc3 Ne8 30.Nc4 Nac7 31.b5 Ng7 32.Ra1 Nce8 33.g3 f5 34.Ra7 Rd7 35.b6
Rf7 36.Na5 Nf6 37.Nxb7 1-0

[Event "21th IBM tournament"]
[Site "Amsterdam NED"]
[Date "1981.05.??"]
[Round "11"]
[White "Timman, Jan"]
[Black "Hort, Vlastimil"]
[WhiteElo "2620"]
[BlackElo "2575"]
[Result "1/2-1/2"]
[EventDate "1981.05.24"]
[PlyCount "23"]

1.d4 Nf6 2.c4 e6 3.Nf3 d5 4.Nc3 c5 5.cxd5 Nxd5 6.e4 Nxc3 7.bxc3 cxd4 8.
cxd4 Nc6 9.Bc4 Bb4+ 10.Bd2 Bxd2+ 11.Qxd2 O-O 12.O-O 1/2-1/2